000 00610nam a2200193Ii 4500
003 JO-AjNU
008 230605s9999||||xx |||||||||||||| ||und||
040 _aJO-AjNU
_bara
_erda
_cJO-AjNU
041 _aara
050 1 4 _aPJ616.S3 1900
100 3 _aالسامرائي،مهدي صالح,
_eauthor
_97396
245 0 0 _aالمجازفي البلاغة العربية
264 3 1 _aسوريا: دار الدعوة، 1900
300 _a280ص
336 _atext
_btxt
_2rdacontent
337 _aunmediated
_bn
_2rdamedia
338 _avolume
_bnc
_2rdacarrier
650 4 _aاللغة العربية-بلاغة
_97397
999 _aA258
_c3826
_d3826